Statistics for History Mad Gab

Click here to take the quiz!

General Stats

  • This quiz has been taken 533 times
    (526 since last reset)
  • The average score is 9 of 12

Answer Stats

HintAnswer% Correct
A Doll Hit HerAdolf Hitler
95%
So Crate IsSocrates
90%
Win Sent Van GoVincent Van Gogh
90%
Stale In GradeStalingrad
86%
To Must Jeff ArsonThomas Jefferson
84%
Oat Oh MenOttoman
79%
Dame As CauseDamascus
78%
Come On WellCommonwealth
68%
Tree Tee Olaf Were SailTreaty of Versailles
64%
Joe On AtomsJohn Adams
56%
Hen Riff OldHenry Ford
53%
See Veil OreCivil War
29%

Score Distribution

Percentile by Number Answered

Percent of People with Each Score

Your Score History

You have not taken this quiz since the last reset